• 首页
  • 本馆介绍
  • 公告通知
  • 最新文献
  • 馆藏检索
  • 电子资源
  • 读者导购
  • 参考咨询
  • 我的图书馆
  • 登录
  • 详细信息显示
  • 放入我的书架
  • 预约/预借图书
  • 作者相关作品
  • 分类相关作品
  • 丛书相关作品
  • 出版社相关作品

书目信息

  • 表格格式
  • 工作单格式
  • 卡片格式
题名:
大众流体动力学
    
 
作者: 密尔库洛夫 , Меркулов 著 ;袁幼卿 译
分册:  
出版信息: 北京   科学普及出版社  1981
页数: 152页
开本: 19cm
丛书名:
单 册:
中图分类: O351.2
科图分类:
主题词: 流体动力学--普及读物 , 流体力学
电子资源:
ISBN:
000 00807nam0 2200277 45
001 0181004870
005 20040629144342.2
010    @dCNY0.44
091    @a13051.1088
100    @a19950530d1981 em y0chiy0121 ea
101 1  @achi@crus
102    @aCN@b110000
105    @ay z 000yy
106    @ar
200 10 @a大众流体动力学@Ada zhong liu ti dong li xue@f(苏)密尔库洛夫(В.И.Меркулов)著@g袁幼卿译
210    @a北京@c科学普及出版社@d1981
215    @a152页@d19cm
606    @a流体动力学@x普及读物
606 0  @a流体力学
690    @aO351.2@v3
701  1 @a密尔库洛夫@Ami er ku luo fu@bВ.И.@4著
701 A1 @aМеркулов@bВ.И.@4著
702  0 @a袁幼卿@Ayuan you qing@4译
801  0 @aCN@b上海图书馆@c20040518
801  2 @aCN@bNLC@c20040518
905    @dO351.2@e5@f1@b40783
    
    大众流体动力学/(苏)密尔库洛夫(В.И.Меркулов)著/袁幼卿译.-北京:科学普及出版社,1981
    152页;19cm
    
    
    ISBN :CNY0.44
    
●
相关链接 在E读中查询图书 在五车中查询图书 在当当中查询图书 在豆瓣中查询图书


正题名:大众流体动力学     索取号:O351.2/5         预约/预借

序号 登录号 条形码 馆藏地/架位号 状态 备注
1 0040780   000385899   第三借阅区/ [索取号:O351.2/5] 在馆    
2 0040781   000385871   第三借阅区/ [索取号:O351.2/5] 在馆    
3 0040782   000385862   第三借阅区/ [索取号:O351.2/5] 在馆    
4 0040783   001932216   第三借阅区/ [索取号:O351.2/5] 在馆    
5 0040784   000385880   第二样本阅览室/ [索取号:O351.2/5] 在馆    
唐山师范学院图书馆 欢迎您!
大连网信软件有限公司© 版权所有